Prefecture-level cities of Guangxi - Statistics

General Stats
  • This quiz has been taken 17 times
  • The average score is 11 of 14
Answer Stats
Population City % Correct
1,410,712 Liuzhou
100%
2,660,833 Nanning
100%
844,290 Guilin
91%
463,388 Beihai
82%
489,139 Chongzuo
82%
547,924 Yulin
82%
185,497 Baise
73%
379,889 Hezhou
73%
243,261 Wuzhou
73%
278,955 Fangchenggang
64%
197,858 Hechi
64%
489,139 Qinzhou
64%
658,887 Guigang
55%
315,875 Laibin
55%
No matching quizzes found
Score Distribution
Percent of People with Each Score
Percentile by Number Answered
Your Score History
You have not taken this quiz